000 00351nam a2200133Ia 4500
005 20251222155207.0
008 251222s9999||||xx |||||||||||||| ||spa||
082 _aEBA. 36/V.I
100 _aDUGAS B.W. (*).
245 0 _aTratado de Enfermería Práctica 4ta. Edición 2Vol.
250 _a3ra. ed.
264 _bInteramericana-Mc
942 _cLIB
999 _c40158
_d40158